|
|
|
|
| LEADER |
00000cam a2200000 i 4500 |
| 001 |
1/56521 |
| 008 |
040602s1983 fre d |
| 020 |
|
|
|a 2-02-006409-X
|
| 035 |
|
|
|l 10073616
|
| 040 |
|
|
|a GR-MY-UA
|b gre
|e aacr
|
| 041 |
0 |
|
|a fre
|
| 082 |
0 |
|
|a 801.951
|
| 100 |
1 |
|
|a Zumthor, Paul,
|d 1915-1995.
|
| 245 |
1 |
0 |
|a Introduction a la poesie orale /
|c Paul Zumthor
|
| 260 |
|
|
|a Paris :
|b Seuil,
|c 1983
|
| 300 |
|
|
|a 307 p.
|
| 490 |
1 |
|
|a Poetique
|
| 504 |
|
|
|a Includes bibliographical references
|
| 650 |
0 |
0 |
|a Oral interpretation of poetry.
|
| 650 |
0 |
0 |
|a Oral tradition.
|
| 650 |
0 |
0 |
|a Narration (Rhetoric)
|
| 650 |
0 |
0 |
|a Poetry
|x History and criticism.
|
| 830 |
|
0 |
|a Poetique
|
| 852 |
|
|
|a INST
|b RHODES
|e 20040602
|h 801.951 ZUM
|p 005400018942
|q 005400018942
|t BK
|y 0
|
| 901 |
|
|
|a BIBL4-2004-2
|
| 909 |
|
|
|a Ρ
|b 109573
|
| 970 |
|
|
|a ΚΟΥΛΑΚΙΟΤΗ
|b ΛΙΤΣΑ
|z 2004/06/02
|